Výdavky na pracovné, sociálne podmienky a starostlivosť o zdravie zamestnancov
Dobrá atmosféra na pracovisku spojená s primeraným pracovným prostredím je základným predpokladom pre zvyšovanie efektívnosti práce zamestnanca. Vysoká úroveň sociálnych zariadení, hygiena pracoviska, bezpečnosť zamestnanca a jeho osobných vecí na pracovisku, vhodné stravovanie a vytváranie podmieno...
Salvato in:
| Autore principale: | |
|---|---|
| Natura: | Capitolo di libro |
| Lingua: | slovacco |
| Soggetti: | |
| Tags: |
Nessun Tag, puoi essere il primo ad aggiungerne!!
|
MARC
| LEADER | 00000naa$a2200000$$$4500 | ||
|---|---|---|---|
| 001 | 0113214 | ||
| 005 | 20231114101117.7 | ||
| 041 | 0 | |a slo | |
| 044 | |a SK | ||
| 245 | 1 | 0 | |a Výdavky na pracovné, sociálne podmienky a starostlivosť o zdravie zamestnancov |c Iveta Petrovická |
| 520 | |a Dobrá atmosféra na pracovisku spojená s primeraným pracovným prostredím je základným predpokladom pre zvyšovanie efektívnosti práce zamestnanca. Vysoká úroveň sociálnych zariadení, hygiena pracoviska, bezpečnosť zamestnanca a jeho osobných vecí na pracovisku, vhodné stravovanie a vytváranie podmienok na celoživotné vzdelávanie by dnes mali byť úplnou samozrejmosťou. | ||
| 610 | 2 | 0 | |a bezpečnosť práce |
| 610 | 2 | 0 | |a hygiena |
| 610 | 2 | 0 | |a vzdelávanie celoživotné |
| 610 | 2 | 0 | |a zamestnanci |
| 610 | 2 | 0 | |a zamestnávatelia |
| 610 | 2 | 0 | |a starostlivosť o pracovníkov |
| 610 | 2 | 0 | |a starostlivosť o zdravie |
| 610 | 2 | 0 | |a úpravy právne |
| 100 | 1 | |a Petrovická, Iveta | |